Apéndice a la memoria facultativa sobre el ensanche y mejora de la ciudad de Barcelona del ingeniero D. Francisco Soler y Gloria, por el mismo
Descripción Física:
28 p. ; 24 cm
Materias:
Urbanisme -- Barcelona -- S. XIX
MARC
| LEADER | 00000nam a2200000Ia 4500 | ||
|---|---|---|---|
| 001 | 16401 | ||
| 008 | 160829s1859 xx 000 0 cat d | ||
| 080 | |a RF-13-38 | ||
| 100 | |a Soler y Gloria, Francisco |9 43332 | ||
| 245 | |a Apéndice a la memoria facultativa sobre el ensanche y mejora de la ciudad de Barcelona del ingeniero D. Francisco Soler y Gloria, por el mismo | ||
| 260 | |a Barcelona : |b Establecimiento tip. de Narciso Ramírez, |c 1859 | ||
| 300 | |a 28 p. ; |c 24 cm | ||
| 590 | |a Prové de 931, exp. 1 | ||
| 650 | |a Urbanisme |x Barcelona |x S. XIX |9 46664 | ||
| 856 | 4 | |u https://media.diba.cat/diba/fitxers/arxiu/fulletons/bib_16401_1859_baixa.pdf |y Accés lliure | |
| 856 | 4 | |u https://media.diba.cat/diba/fitxers/arxiu/fulletons/bib_16401_1859_baixa.pdf |y Accés lliure | |
| 901 | |a Arxiu | ||
| 942 | |n 1 |2 udc | ||
| 952 | |0 0 |1 0 |4 0 |6 RF1338 |7 1 |9 51341 |a Arxiu |b Arxiu |d 2016-12-01 |l 0 |o RF-13-38 |p 16401 |r 2016-12-01 00:00:00 |w 2016-12-01 |y ARXIU | ||
| 999 | |c 55185 |d 55185 | ||
| 900 | |a bib_16401_1859_baixa.pdf | ||